header

Stochastic geometry and its applications (Record no. 37175)

MARC details
000 -LEADER
fixed length control field 02149nam a2200409 a 4500
082 04 - DEWEY DECIMAL CLASSIFICATION NUMBER
Classification number 519.2
100 1# - MAIN ENTRY--AUTHOR NAME
Personal name Stoyan, Dietrich.
245 10 - TITLE STATEMENT
Title Stochastic geometry and its applications
250 ## - EDITION STATEMENT
Edition statement 3rd ed.
260 ## - PUBLICATION, DISTRIBUTION, ETC. (IMPRINT)
Place of publication Chichester :
Name of publisher Wiley,
Year of publication 2013.
300 ## - PHYSICAL DESCRIPTION
Number of Pages xxvi, 544 p. :
Other physical details ill.
500 ## - GENERAL NOTE
General note Revision of: Stochastic geometry and its applications / Dietrich Stoyan, Wilfrid S. Kendall, Joseph Mecke. 2nd ed. 1995.
520 ## - SUMMARY, ETC.
Summary, etc "The previous edition of this book has served as the key reference in its field for over 20 years and is regarded as the best treatment of the subject of stochastic geometry. Extensively updated, this mew edition includes new sections on analytical and numerically tractable results and applications of Voronoi tessellations; introduces models such as Laguerre and iterated tessellations; and presents theoretical results. Statistics for planar point processes are introduced, and the text also includes a new section on random geometrical graphs and random networks"--
650 #0 - SUBJECT ADDED ENTRY--TOPICAL TERM
Topical Term Stochastic geometry.
700 1# - ADDED ENTRY--PERSONAL NAME
Personal name Chiu, Sung Nok.
Personal name Kendall, W. S.
Personal name Mecke, Joseph.
856 40 - ELECTRONIC LOCATION AND ACCESS
Uniform Resource Identifier http://site.ebrary.com/lib/rucke/Doc?id=10728351
520 ## - SUMMARY, ETC.
-- Provided by publisher.

No items available.

© 2026 Rongo University
Contact us: librarian | system librarian | Rongo university